Library Banner

ساری دنیا میری کتاب سارا زمانہ میرا استاد (Record no. 73844)

MARC details
000 -LEADER
fixed length control field 00464nam a22001457a 4500
005 - DATE AND TIME OF LATEST TRANSACTION
control field 20150812121930.0
008 - FIXED-LENGTH DATA ELEMENTS--GENERAL INFORMATION
fixed length control field 150812b xxu||||| |||| 00| 0 eng d
040 ## - CATALOGING SOURCE
Transcribing agency PK-LaUMT
082 ## - DEWEY DECIMAL CLASSIFICATION NUMBER
Classification number KHC 891.4393
Item number QAM-S
100 ## - MAIN ENTRY--PERSONAL NAME
Personal name قمر یورش
245 ## - TITLE STATEMENT
Title ساری دنیا میری کتاب سارا زمانہ میرا استاد
Remainder of title میرا بچپن
Statement of responsibility, etc قمر یورش
260 ## - PUBLICATION, DISTRIBUTION, ETC. (IMPRINT)
Place of publication, distribution, etc لاہور
Name of publisher, distributor, etc الفاظ پبلیکیشنز
Date of publication, distribution, etc 2007
300 ## - PHYSICAL DESCRIPTION
Extent 123 ص
942 ## - ADDED ENTRY ELEMENTS (KOHA)
Koha item type Books
Holdings
Withdrawn status Lost status Damaged status Home library Current library Date acquired Full call number Barcode Date last seen Price effective from Koha item type
      UMT Main Campus UMT Main Campus 2015-08-12 KHC 891.4393 QAM-S 73197 2015-08-12 2015-08-12 Books